[Event "Titled Tue 2nd Jan Late"]
[Site "chess.com INT"]
[Date "2024.01.02"]
[Round "9"]
[White "Anton Guijarro, D."]
[Black "Nepomniachtchi, I."]
[Result "1-0"]
[WhiteElo "2670"]
[BlackElo "2769"]
[PlyCount "149"]
[EventDate "2024.01.02"]

1. Nf3 c5 2. b3 d6 3. Bb2 e5 4. c4 Nf6 5. d3 Nc6 6. g3 g6 7. Bg2 Bg7 8. O-O O-O 9. e3 $146 ({RR} 9. Na3 Qd7 10. Nc2 b6 11. e3 Bb7 12. d4 Qe7 13. d5 Nd8 14. Nd2 Nd7 15. e4 f5 16. f4 fxe4 17. Nxe4 exf4 18. Bxg7 Kxg7 19. Qf3 Nf7 20. gxf4 Rae8 21. Qc3+ Nf6 22. Rae1 Qd8 23. Rf2 Nh6 {Kunow,F (1875)-Roehl,R (2056) Mecklenburg VP 2018 ½-½}) 9... h6 10. Nc3 Be6 11. Rc1 Qd7 12. a3 Rad8 13. Qc2 b6 14. e4 Nh7 15. Nd5 f5 16. Nh4 Bf7 17. exf5 gxf5 18. f4 exf4 19. Bxg7 Kxg7 20. Qb2+ Nd4 21. Rxf4 Bxd5 22. Bxd5 Ng5 23. Kh1 Rde8 24. Rf2 Re5 25. Rcf1 Nh3 26. Rd2 Qe7 27. Bg2 Ng5 28. Rdf2 Kh7 29. b4 Re1 30. Qd2 Rxf1+ 31. Rxf1 Qe5 32. Bd5 Re8 33. Qf2 Nh3 34. Qg2 Ng5 35. Qf2 Kh8 36. Nxf5 Rf8 37. g4 Nxf5 38. gxf5 Nh7 39. Qg2 Qg7 40. Qxg7+ Kxg7 41. Rg1+ Kf6 42. Rg6+ Kxf5 43. Rxd6 Nf6 44. bxc5 bxc5 45. Ra6 Rb8 46. Kg2 Rb2+ 47. Kh3 Nh5 48. Be4+ Ke5 49. Rxh6 Nf4+ 50. Kg3 a5 51. Ra6 Ne2+ 52. Kg4 Nc3 53. h4 Nxe4 54. dxe4 Kxe4 55. h5 Kd4 56. Rxa5 Kxc4 57. h6 Rh2 58. Kg5 Rg2+ 59. Kf6 Rf2+ 60. Kg7 Rg2+ 61. Kh8 Kd4 62. Ra7 c4 63. Rd7+ Ke3 64. Rg7 Rh2 65. h7 c3 66. Rc7 Kd2 67. Kg8 Rg2+ 68. Rg7 Re2 69. h8=Q Re8+ 70. Kh7 Rxh8+ 71. Kxh8 Kc2 72. Rc7 Kb3 73. a4 Kxa4 74. Rxc3 Kb4 75. Rc7 1-0

[Event "Titled Tue 2nd Jan Late"]
[Site "chess.com INT"]
[Date "2024.01.02"]
[Round "11"]
[White "Rasulov, Vu"]
[Black "Czarnota, P."]
[Result "1-0"]
[WhiteElo "2536"]
[BlackElo "2501"]
[PlyCount "95"]
[EventDate "2024.01.02"]

1. Nf3 Nf6 2. g3 g6 3. Bg2 Bg7 4. O-O O-O 5. c4 d6 6. Nc3 Nbd7 7. d3 e5 8. Rb1 a5 9. a3 Re8 10. Bg5 h6 11. Bxf6 Nxf6 12. Nd2 c6 13. b4 axb4 14. axb4 d5 15. b5 Be6 16. Nb3 $146 ({RR} 16. Qb3 e4 17. dxe4 dxc4 18. Qc2 Qa5 19. bxc6 bxc6 20. Rfc1 Nd7 21. Nd1 Ne5 22. Ne3 c3 23. Nb3 Qb6 24. Nd2 Qa7 25. Nf3 Nxf3+ 26. exf3 Reb8 27. Bf1 Rb2 28. Qd1 Qd4 29. Qxd4 Bxd4 30. Bd3 Raa2 {Fleischhauer,T (1997)-Bobzin,P (2160) Ruhrgebiet 2003 0-1 (32)}) 16... Qd6 17. bxc6 bxc6 18. cxd5 cxd5 19. d4 Bf5 20. Rc1 Ne4 21. Nb5 Qb4 22. Nc7 Nc3 23. Rxc3 Qxc3 24. Nxa8 Rxa8 25. dxe5 Qxe5 26. Qxd5 Rb8 27. e3 Qxd5 28. Bxd5 Rb5 29. e4 Bxe4 30. Bxe4 Rxb3 31. Rd1 Rb6 32. Rd7 Rf6 33. Bd5 g5 34. f3 Bf8 35. Kf2 Kg7 36. Ke3 h5 37. Ke4 Bd6 38. Bxf7 Rxf7 39. Rxd6 Kh7 40. Re6 Kg7 41. f4 gxf4 42. gxf4 Ra7 43. Kf5 Ra2 44. h4 Rg2 45. Re7+ Kh6 46. Re8 Rg4 47. Rh8+ Kg7 48. Rxh5 1-0

[Event "ch-NOR Rapid 2024"]
[Site "Bergen NOR"]
[Date "2024.01.13"]
[Round "5.2"]
[White "Hammer, J."]
[Black "Tari, A."]
[Result "1-0"]
[WhiteElo "2612"]
[BlackElo "2623"]
[PlyCount "79"]
[EventDate "2024.01.13"]
[EventType "rapid"]

1. Nf3 Nf6 2. g3 c5 3. Bg2 Nc6 4. O-O e5 5. e4 d6 6. d3 g6 7. Nc3 Bg7 8. h3 O-O 9. Nd2 Be6 ({RR} 9... a6 10. a4 Rb8 11. Nc4 b5 12. axb5 axb5 13. Ne3 Ne7 14. f4 exf4 15. gxf4 b4 16. Ne2 Bb7 17. Ng3 Qd7 18. Ra7 Nc6 19. Ra1 Ra8 20. Rb1 Ne7 21. f5 Nc6 22. Ng4 Nxg4 23. Qxg4 Be5 24. Bh6 {Javakhadze,Z (2417)-Vokhidov,S (2643) chess.com INT 2024 1-0 (32)}) 10. Nd5 $146 ({RR} 10. Nc4 d5 11. exd5 Nxd5 12. Ne4 b6 13. Re1 h6 14. c3 Qd7 15. Kh2 Rad8 16. Qe2 Nde7 17. Bxh6 Qxd3 18. Bxg7 Qxe2 19. Rxe2 Kxg7 20. Ne3 f6 21. Kg1 g5 22. g4 Ng6 23. Ng3 Nce7 24. Nh5+ Kf7 {Ledger,D (2265)-Shabtai,R (2370) Paris 1993 0-1 (40)}) 10... Qd7 11. g4 b5 12. a4 Nb4 13. Nxf6+ Bxf6 14. axb5 Qxb5 15. Nc4 Bxc4 16. dxc4 Qxc4 17. Qxd6 Bg7 18. c3 Nd3 19. Qa6 Qxa6 20. Rxa6 Rfb8 21. Ra2 Rb6 22. Rd1 Nxc1 23. Rxc1 Bh6 24. Rc2 a5 25. Bf1 a4 26. Bc4 Kg7 27. Kf1 Bf4 28. Re2 f6 29. b3 a3 30. Re1 Ra7 31. Rea1 Kh6 32. Rxa3 Rxa3 33. Rxa3 Bd2 34. h4 f5 35. exf5 gxf5 36. gxf5 Kh5 37. Ra7 h6 38. Rg7 Bxc3 39. Be2+ Kxh4 40. Rg4+ 1-0

[Event "Titled Tue 9th Jan Early"]
[Site "chess.com INT"]
[Date "2024.01.09"]
[Round "8"]
[White "Svane, R."]
[Black "Onischuk, V."]
[Result "1-0"]
[WhiteElo "2637"]
[BlackElo "2619"]
[PlyCount "107"]
[EventDate "2024.01.09"]

1. Nf3 g6 2. d4 Bg7 3. g3 d6 4. Bg2 Nf6 5. O-O O-O 6. Re1 Nc6 7. d5 Nb8 8. c4 e5 9. dxe6 Bxe6 10. Nd4 Bc8 11. Nc3 Re8 12. b3 Na6 13. Bb2 Nc5 14. Qc2 c6 15. Rad1 a5 16. h3 $146 ({RR} 16. Bc1 Nfd7 17. Nf3 Qe7 18. Bg5 Qf8 19. h3 Ne5 20. Nxe5 dxe5 21. Be3 Bf5 22. Qc1 Qe7 23. Qa3 Bf8 24. Qc1 Be6 25. Kh2 f6 26. Qa3 f5 27. Qc1 Bg7 28. Bg5 Bf6 29. Bxf6 Qxf6 30. Rd6 Qe7 {Svane,R (2625)-Kovalev,V (2634) Chess.com INT 2021 0-1 (60)}) 16... Qb6 17. e3 Bd7 18. Rd2 a4 19. Rb1 axb3 20. axb3 Na6 21. Qc1 Nb4 22. Ba3 Qa5 23. Bxb4 Qxb4 24. Na2 Qa3 25. Nc3 Qxc1+ 26. Rxc1 Ra3 27. Rb1 Rea8 28. Nc2 R3a7 29. Rxd6 Be8 30. Rd2 Nd7 31. Na4 Ra5 32. Rbd1 Nc5 33. Nb6 Nxb3 34. Nxa8 Nxd2 35. Nc7 Nxc4 36. Nxe8 Kf8 37. Nxg7 Kxg7 38. Rd7 Rb5 39. Nd4 Rb1+ 40. Kh2 Rb2 41. Kg1 Rb1+ 42. Bf1 Nd2 43. Ne6+ Kf6 44. Rxd2 Kxe6 45. Kg2 b5 46. Rd8 c5 47. Rb8 b4 48. Bc4+ Ke5 49. Rb5 Kd6 50. Rb6+ Kc7 51. Rf6 Rc1 52. Bxf7 c4 53. Rf4 b3 54. Rxc4+ 1-0

[Event "Titled Tue 9th Jan Late"]
[Site "chess.com INT"]
[Date "2024.01.09"]
[Round "3"]
[White "Svane, R."]
[Black "Krzyzanowski, M."]
[Result "1-0"]
[WhiteElo "2637"]
[BlackElo "2519"]
[PlyCount "69"]
[EventDate "2024.01.09"]

1. Nf3 Nf6 2. g3 d5 3. Bg2 b5 4. O-O e6 5. d3 Bb7 6. c4 c6 7. Qc2 Nbd7 8. b3 Be7 ({RR} 8... Bd6 9. Bb2 e5 10. Nh4 O-O 11. Nf5 Bc7 12. Ba3 Re8 13. Nd6 Bxd6 14. Bxd6 c5 15. b4 Qb6 16. bxc5 Nxc5 17. Bxc5 Qxc5 18. Nd2 e4 19. Nb3 Qb4 20. cxb5 Rac8 21. Qd2 Qxb5 22. Rab1 Qd7 23. Qa5 {Bernadskiy,V (2546)-Ghimpu,S (2475) Skopje MKD 2024 1-0 (45)}) 9. Bb2 O-O 10. Nbd2 $146 ({RR} 10. e4 Rc8 11. e5 Ne8 12. Nbd2 Nc7 13. Rae1 c5 14. h4 Nb6 15. Rd1 Qd7 16. Rfe1 Rfd8 17. Nf1 a5 18. Ne3 Na6 19. h5 h6 20. Ng4 d4 21. Qc1 Nb4 22. a3 Na6 23. Nxh6+ gxh6 24. Qxh6 Bf8 {Svane,R (2616)-Duda,J (2732) chess.com INT 2023 1-0 (38)}) 10... Rc8 11. e4 Ne8 12. Rac1 a5 13. Rfd1 Nd6 14. c5 Ne8 15. d4 b4 16. e5 Ba6 17. Nf1 f6 18. exf6 Bxf6 19. Re1 Nc7 20. Ne3 h5 21. h4 Bb5 22. Bh3 Ra8 23. Ng2 Be7 24. Nf4 Rxf4 25. gxf4 Bxh4 26. Rxe6 Bf6 27. Rd6 Qf8 28. Rxd7 Bd8 29. Rxc7 Bxc7 30. Be6+ Kh8 31. Ng5 g6 32. Qxg6 Qe7 33. Qxh5+ Kg7 34. Qh7+ Kf6 35. Qh6# 1-0

[Event "Titled Tue 9th Jan Late"]
[Site "chess.com INT"]
[Date "2024.01.09"]
[Round "3"]
[White "Mikaelyan, A."]
[Black "Iturrizaga Bonelli, Eduardo"]
[Result "1-0"]
[WhiteElo "2519"]
[BlackElo "2600"]
[PlyCount "85"]
[EventDate "2024.01.09"]

1. Nf3 Nf6 2. g3 b6 3. Bg2 Bb7 4. c4 c5 5. O-O g6 6. b3 Bg7 7. Bb2 O-O 8. Nc3 e6 9. e3 ({RR} 9. Rc1 d5 10. cxd5 Nxd5 11. d4 Na6 12. Nxd5 Bxd5 13. e3 Nb4 14. a3 Nc6 15. Qd3 Bxf3 16. Bxf3 Ne5 17. Qe2 Nxf3+ 18. Qxf3 cxd4 {½-½ (18) Krasenkow,M (2592)-Ivanchuk,V (2731) Leon 2001}) ({RR} 9. Rc1 Nc6 10. e3 d5 11. cxd5 exd5 12. d4 Rc8 13. dxc5 bxc5 14. Na4 c4 15. bxc4 dxc4 16. Nc5 Qb6 17. Bxf6 Qxc5 18. Bxg7 Kxg7 19. Qc2 Nb4 20. Qc3+ Kg8 21. Rb1 a5 22. a3 Nd5 23. Qd4 Ba6 {Garcia Ramos,D (2442)-Sivakumar,S (2393) chess.com INT 2024 ½-½ (37)}) ({RR} 9. Qc2 Nc6 10. e3 d5 11. d3 Nb4 12. Qe2 dxc4 13. dxc4 Qd3 14. Rfd1 Qxe2 15. Nxe2 Rfd8 16. a3 Nd3 17. Bc3 Ng4 18. Bxg7 Kxg7 19. Rf1 Rab8 20. h3 Nge5 21. Nxe5 Nxe5 22. Rfd1 Nf3+ 23. Kh1 Nd2 {Cuenca Jimenez,J (2506)-Iturrizaga Bonelli,E (2607) chess24.com INT 2021 ½-½ (58)}) 9... Qe7 10. d4 Na6 $146 ({RR} 10... d5 11. cxd5 exd5 12. Rc1 Rd8 13. Qc2 Na6 14. Rfd1 Nb4 15. Qb1 c4 16. Ba3 a5 17. Ne5 cxb3 18. Qxb3 Ne4 19. Nxe4 Bxe5 20. Nc3 Bg7 21. Nxd5 Rxd5 22. Bxb4 Qd7 23. Ba3 Rb5 24. Qa4 Bxg2 25. Kxg2 {Rottenwohrer Suarez,J (2231)-Domingo Nunez,R (2361) Oviedo 2022 1-0 (38)}) 11. d5 exd5 12. cxd5 d6 13. Nd2 Nc7 14. Nc4 Nd7 15. Qc2 Rab8 16. Rad1 Ne5 17. Rfe1 Nxc4 18. bxc4 Ba6 19. Bf1 f5 20. a4 Bc8 21. Ne2 Na6 22. Bxg7 Qxg7 23. Nf4 Nb4 24. Qd2 Re8 25. Bg2 Bd7 26. Ne6 Bxe6 27. dxe6 Rxe6 28. e4 fxe4 29. Rxe4 Rxe4 30. Bxe4 Rd8 31. Qg5 Qf8 32. h4 Re8 33. Bxg6 hxg6 34. Qxg6+ Kh8 35. Rxd6 Re1+ 36. Kg2 Re7 37. Qh5+ Rh7 38. Qe5+ Rg7 39. h5 Qa8+ 40. Kg1 Kg8 41. h6 Rf7 42. Rg6+ Kf8 43. Qh8+ 1-0

[Event "Titled Tue 9th Jan Late"]
[Site "chess.com INT"]
[Date "2024.01.09"]
[Round "4"]
[White "Theodorou, Nikolas"]
[Black "Melkumyan, H."]
[Result "1-0"]
[WhiteElo "2627"]
[BlackElo "2640"]
[PlyCount "59"]
[EventDate "2024.01.09"]

1. Nf3 d5 2. b3 c5 3. Bb2 Nc6 4. e3 a6 5. d4 Nf6 6. Be2 Bg4 7. Nbd2 e6 8. O-O cxd4 9. Nxd4 Bxe2 10. Qxe2 Rc8 11. c4 Nxd4 ({RR} 11... Be7 12. cxd5 Qxd5 13. Nc4 Nxd4 14. Bxd4 Qb5 15. Qb2 O-O 16. a4 Qh5 17. Nb6 Rcd8 18. Rac1 Bd6 19. h3 e5 20. Bc5 Qf5 21. a5 Qe6 22. Bxd6 Rxd6 23. Rc7 Nd5 24. Rxb7 Nxb6 25. axb6 Rxb6 26. Rxb6 {Eljanov,P (2658)-Deac,B (2692) chess.com INT 2025 0-1 (41)}) 12. Bxd4 Be7 ({RR} 12... Bc5 13. Bxf6 Qxf6 14. cxd5 exd5 15. Nf3 O-O 16. Rad1 Rcd8 17. Rd3 d4 18. exd4 Bxd4 19. Rxd4 Rxd4 20. Nxd4 Qxd4 21. Rd1 Qf6 22. g3 Rc8 23. Qe4 g6 24. Kg2 b5 25. h4 h5 26. Rd7 Kg7 27. a4 {Theodorou,N (2591)-Yoo,C (2607) Sharjah UAE 2023 ½-½ (34)}) 13. Rfd1 O-O 14. h3 $146 ({RR} 14. e4 Re8 15. e5 Nd7 16. cxd5 exd5 17. e6 Nf6 18. Nf1 Bc5 19. exf7+ Kxf7 20. Ne3 Bxd4 21. Rxd4 Re4 22. Rxe4 dxe4 23. Rd1 Qc7 24. h4 h5 25. a4 Kg6 26. Nd5 Qe5 27. f4 Qe8 28. Nxf6 gxf6 {Rechlis,G (2498)-Sivuk,V (2579) Israel 2020 ½-½ (41)}) ({RR} 14. e4 dxe4 15. Nxe4 Qc7 16. Nxf6+ Bxf6 17. Bxf6 gxf6 18. Qg4+ Kh8 19. Qf3 Qe7 20. Rd4 Rfd8 21. Rh4 f5 22. Qc3+ f6 23. Re1 Rd6 24. g3 Rcd8 25. Qf3 Qf7 26. Re3 Rd2 27. a4 Rb2 28. Rd3 Rd2 {Nakamura,H (2802)-Durarbayli,V (2622) chess.com INT 2024 1-0 (35)}) 14... Qa5 15. cxd5 Qxd5 16. Nc4 Qh5 17. Qxh5 Nxh5 18. Nb6 Rc6 19. Rac1 Rxc1 20. Rxc1 Bd6 21. g4 Nf6 22. Bxf6 gxf6 23. Nd7 Rd8 24. Nxf6+ Kg7 25. Ne4 Be5 26. Kg2 Kg6 27. Rc5 Bb8 28. Rg5+ Kh6 29. h4 f5 30. Nf6 1-0

[Event "Titled Tue 9th Jan Late"]
[Site "chess.com INT"]
[Date "2024.01.09"]
[Round "4"]
[White "Nakamura, Hi"]
[Black "Anton Guijarro, D."]
[Result "1-0"]
[WhiteElo "2788"]
[BlackElo "2670"]
[PlyCount "83"]
[EventDate "2024.01.09"]

1. g3 d5 2. Nf3 e6 3. Bg2 b5 4. O-O Nf6 5. d3 Be7 6. Nbd2 O-O 7. e4 h6 $146 ({RR} 7... c5 8. Re1 h6 9. e5 Nh7 10. Nf1 a5 11. h4 a4 12. N1h2 Nc6 13. Ng4 Re8 14. Bf4 a3 15. b3 b4 16. Qd2 Na7 17. Bxh6 gxh6 18. Nxh6+ Kg7 19. Ng4 Rh8 20. Qh6+ Kg8 21. Qf4 Bf8 22. Ng5 {Espinoza Villanueva,R (1928)-Anton Guijarro,D (2670) chess.com INT 2024 0-1 (41)}) 8. e5 Nfd7 9. Re1 c5 10. Nf1 a5 11. h4 a4 12. a3 Re8 13. c3 Nc6 14. N1h2 Nf8 15. Ng4 Nh7 16. Bf4 Bb7 17. d4 Na5 18. Bf1 Nc4 19. Bd3 Nf8 20. Qe2 cxd4 21. Nxd4 f5 22. exf6 Bxf6 23. Be5 Bxe5 24. Nxe5 Nd7 25. Bxc4 dxc4 26. Rad1 Nxe5 27. Qxe5 Qb6 28. Qxb5 Qc7 29. Rxe6 Qf7 30. Qe5 Rf8 31. f4 Kh8 32. Re7 Qg6 33. Kh2 Rae8 34. Re1 Rxe7 35. Qxe7 Rf7 36. Qd8+ Kh7 37. Re8 Qb1 38. Rh8+ Kg6 39. h5+ Kxh5 40. Qh4+ Kg6 41. Qg4+ Kf6 42. Qe6# 1-0

[Event "Titled Tue 9th Jan Late"]
[Site "chess.com INT"]
[Date "2024.01.09"]
[Round "6"]
[White "Anton Guijarro, D."]
[Black "Ivanisevic, I."]
[Result "1-0"]
[WhiteElo "2670"]
[BlackElo "2517"]
[PlyCount "77"]
[EventDate "2024.01.09"]

1. Nf3 {Duda,Jan Krzysztof} d6 2. d4 Nf6 3. c4 g6 4. Nc3 Bg7 5. e3 O-O 6. Be2 e5 7. O-O ({RR} 7. dxe5 dxe5 8. Nxe5 ({RR} 8. Qxd8 Rxd8) 8... Qe7 ({RR} 8... Qxd1+ 9. Nxd1 ({RR} 9. Bxd1) 9... Rd8 ({RR} 9... Na6 10. Nd3 Bf5 11. f3) ({RR} 9... Ne4 10. Nd3) 10. Nc3 Ne4 ({RR} 10... Na6 11. Nf3 Nb4 12. O-O Nc2 13. Rb1 Bf5 14. Bd2) 11. Nxe4 Bxe5 12. Nc3 Na6 13. Bd2 Nb4 14. Rd1 ({RR} 14. O-O-O Bxc3 15. bxc3 Nd3+ 16. Bxd3 Rxd3) 14... Be6) 9. Nf3 Rd8 10. Qb3 ({RR} 10. Bd2 Na6 11. O-O Nc5 12. Qc1) 10... a5 ({RR} 10... Na6 11. O-O b6) 11. O-O a4 12. Nxa4 Ne4 13. Nd4 ({RR} 13. Rd1 Rxd1+ 14. Qxd1 Bd7 15. Nc3 Nxc3 16. bxc3 Ba4 17. Qd2 Nd7) ({RR} 13. Nc3 Nc5 14. Qc2 Bf5 15. e4 Nxe4 16. Nd5 Rxd5 17. cxd5 Ng3 ({RR} 17... Nxf2 18. Qc4) 18. Bd3 Bxd3 19. Qxd3 Nxf1) 13... Nc6 ({RR} 13... Rxd4 14. exd4 Nc6 15. Qd1 Nxd4 16. Bd3 Bd7 17. Nc3) ({RR} 13... Bxd4 14. exd4 Nc6 15. d5 ({RR} 15. Be3 Nd2) ({RR} 15. Bd1 Nxd4 16. Qe3 Nf5 17. Qe1 Bd7 18. Nc3 Bc6 19. Nxe4 Bxe4 20. f3 Qc5+ 21. Qf2 Qxf2+ 22. Kxf2 Bd3 23. Re1 Bxc4 24. a4) 15... Nd4 16. Qd1 ({RR} 16. Qd3 Ng3) 16... Nxe2+ ({RR} 16... Ng3 17. Bd3 Nde2+ ({RR} 17... Nxf1 18. Bxf1) 18. Bxe2 Nxe2+ 19. Kh1) 17. Qxe2 Rxa4 18. b3 ({RR} 18. Re1 Re8 19. b3) 18... Ra6 ({RR} 18... Ra8 19. f3 Qc5+ ({RR} 19... Qf6 20. fxe4 Qxa1 21. Bb2 Qxa2 22. Qf2) 20. Be3 Nc3 21. Qf2 ({RR} 21. Qd2 Qb4)) 19. f3 ({RR} 19. Re1 Re8 ({RR} 19... f5 20. f3 Qg7 21. Bb2 ({RR} 21. fxe4 Qxa1 22. Bb2 Qxa2 23. Qd2 Qxb3 24. Qd4 Qb6 25. c5 Qf6 26. Qxf6 Rxf6 27. Bxf6 Rd7 28. Ra1 fxe4 29. Ra8 Kf7 30. Bh4 g5) 21... Nf6 22. b4) 20. f3 Qf6 21. Qb2 Qxb2 22. Bxb2 Nd6 23. c5) 19... Qf6 20. Bb2 ({RR} 20. fxe4 Qxa1 21. Bb2 Qxa2 22. Qf2 f6) 20... Qb6+ 21. Kh1 Nf6) 14. Nxc6 ({RR} 14. Bf3) 14... bxc6 15. Bf3 ({RR} 15. c5 h5) ({RR} 15. Qc2 Bf5 ({RR} 15... h5 16. Bd1 Bf5 17. Qe2) 16. g4 Bd7 17. f3) ({RR} 15. Nc3 Nc5 16. Qb4 ({RR} 16. Qc2 Bf5 17. e4 Nxe4 18. Nxe4 Bxe4 19. Qb3 Bxg2 20. Re1 Be4 21. Bf1 Bd4) 16... Bf5 17. e4 ({RR} 17. Bf3 Rdb8 18. Nb5 Ra4) ({RR} 17. a4 Rdb8 18. Qa3 Rb3 19. Qa2 Rb4 20. Qa3 Nb3 21. Ra2 Be5) 17... Rdb8 18. Nb5 Ra4 ({RR} 18... Bxe4 19. Be3) 19. Qe1 Nxe4 20. Nc3 Nxc3 21. bxc3) 15... Bf5 16. c5 ({RR} 16. Bxe4 Bxe4 ({RR} 16... Rab8 17. Bxf5 Rxb3 18. axb3 gxf5 19. Nc3) 17. Nc3 Rab8 18. Qa4 Bxc3 ({RR} 18... Bd3) 19. bxc3 Qg5 20. f3 Rb2 21. Bxb2 Rd2 22. Rf2 Qxe3 23. Raf1 Bd3 24. Ba3 h5 25. Kh1 Rxf2 26. Rg1 Bf1 27. Qd1 Qg5 28. Qxf1 Rxf1 29. Rxf1 Qa5) 16... h5 ({RR} 16... Rab8 17. Qc4 Nxf2 ({RR} 17... h5) 18. Rxf2 Bd3 19. Qf4 Rd4) 17. Qb4 ({RR} 17. Bxe4 Bxe4 18. Nc3 Rab8 19. Qa4) ({RR} 17. Qc4 h4) 17... Qe6 ({RR} 17... h4 18. h3 Ng5 19. Be2 ({RR} 19. Bg4 Bd3 20. Rd1 Qe4 21. Qxe4 Nxe4 22. Nc3 Nxc3 23. bxc3 Bxc3) 19... Qe4 ({RR} 19... Nxh3+ 20. Kh1 Ng5) 20. Qxe4 Nxe4) ({RR} 17... Be5) ({RR} 17... g5) 18. Bd1 Be5 19. f3 Qe7 20. Qe1 ({RR} 20. fxe4 Qh4 21. h3 Bxh3 22. Qe1 Bg3 23. Rf4 Bxe1) 20... Nxc5 ({RR} 20... Ng3 21. Rf2 ({RR} 21. hxg3 Rxd1 22. Qxd1 Bxg3 23. Qd4 Rd8 24. Qc4 Be6 25. Qb4 Bg4) 21... Qh4 22. f4 Ne4 23. Rf1 Qxe1 24. Rxe1 Bf6 25. Bc2) 21. Nxc5 Qxc5 {Duda,J (2743)-Van Foreest,J (2671) Wijk aan Zee 2021 CBM 200 [Duda,Jan Krzysztof] ½-½} {RR} 22. f4 Bf6 23. a4 Rab8 24. Qf2) ({RR} 7. b4 c6 8. Bb2 e4 9. Nd2 Re8 10. Qb3 h5 11. a4 Bf5 12. a5 a6 13. O-O Nbd7 14. Rfb1 h4 15. h3 Nf8 16. b5 c5 17. dxc5 dxc5 18. Rd1 Qe7 19. Na4 Ne6 20. Nb6 Rad8 21. Nf1 Ng5 {Haitin,I (2249)-Martic,I (2233) chess.com INT 2024 1-0 (56)}) 7... Qe7 $146 ({RR} 7... Re8 8. dxe5 dxe5 9. Qc2 Nc6 10. Rd1 Qe7 11. b3 Nd7 12. Bb2 e4 13. Nd5 Qd8 14. Nd2 Bxb2 15. Qxb2 Ne7 16. Nf6+ Nxf6 17. Qxf6 Bd7 18. Nxe4 b6 19. Ng5 Rf8 20. Bf3 Rc8 21. Bd5 Nxd5 22. Qxd8 {Bilodeau Savaria,C-Nurlan Kyzy,S Kemer 2007 0-1 (59)}) 8. b4 e4 9. Nd2 Bf5 10. a4 h5 11. a5 Re8 12. b5 a6 13. Bb2 Nbd7 14. bxa6 bxa6 15. Qa4 h4 16. h3 Nf8 17. Rfc1 N8h7 18. Bf1 g5 19. Be2 Rab8 20. Rab1 c5 21. Nd5 Nxd5 22. cxd5 Rxb2 23. Rxb2 cxd4 24. exd4 e3 25. Nf1 exf2+ 26. Kxf2 Nf6 27. Bf3 Ne4+ 28. Kg1 Ng3 29. Kh2 Bd3 30. Rb7 Nxf1+ 31. Rxf1 Qe3 32. Rd1 Be2 33. Re1 Qf4+ 34. Kh1 Re3 35. Rxe2 Rxe2 36. Bxe2 Bxd4 37. Rb1 Be5 38. Qxf4 Bxf4 39. Bxa6 1-0

[Event "Titled Tue 9th Jan Late"]
[Site "chess.com INT"]
[Date "2024.01.09"]
[Round "8"]
[White "Van Foreest, Jorden"]
[Black "Svane, Frederik"]
[Result "1-0"]
[WhiteElo "2682"]
[BlackElo "2625"]
[PlyCount "83"]
[EventDate "2024.01.09"]

1. Nf3 c5 2. e3 Nf6 3. d4 d5 4. Nbd2 cxd4 5. exd4 Nc6 6. c3 Bf5 ({RR} 6... Qc7 7. Bd3 Bg4 8. Qa4 e6 9. Ne5 Bd6 10. Nxg4 Nxg4 11. h3 Nf6 12. Nf3 O-O 13. O-O Bf4 14. Qc2 Rfe8 15. Re1 Bxc1 16. Raxc1 e5 17. dxe5 Nxe5 18. Nxe5 Rxe5 19. Qa4 b6 20. Rxe5 Qxe5 21. Rd1 {Vitiugov,N (2721)-Vachier Lagrave,M (2811) Germany 2016 ½-½}) 7. Be2 ({RR} 7. Qa4 Nd7 8. Be2 a6 9. O-O b5 10. Qb3 e6 11. a4 Rb8 12. axb5 axb5 13. Ra6 Na5 14. Qa2 Nc4 15. b3 Nxd2 16. Bxd2 b4 17. Qa4 bxc3 18. Bxc3 Be7 19. Ne5 Rc8 20. Ba5 {1-0 (20) Araujo Filho,L (2077)-Yurtseven,C (2239) chess.com INT 2025}) 7... e6 8. Nh4 Bd6 $146 ({RR} 8... Bg6 9. Nxg6 hxg6 10. g3 Bd6 11. O-O Qc7 12. Nf3 a6 13. Bd3 Ne7 14. Re1 Nf5 15. Kg2 b5 16. Bd2 O-O 17. Ne5 Bxe5 18. Rxe5 Nd6 19. Re2 Nc4 20. Bf4 Qc6 21. h4 Rfc8 22. Rc1 a5 23. Rec2 {Shimanov,A (2576)-Orzech,D (2248) chess.com INT 2024 1-0 (49)}) 9. Nxf5 exf5 10. O-O O-O 11. Nf3 Qc7 12. Bd3 Ne4 13. g3 Rfe8 14. Kg2 f4 15. c4 fxg3 16. hxg3 Bxg3 17. Bxe4 dxe4 18. fxg3 exf3+ 19. Rxf3 Rad8 20. Bf4 Qb6 21. d5 Qxb2+ 22. Rf2 Qb4 23. Qb3 Qxb3 24. axb3 Nd4 25. Rxa7 Rd7 26. b4 h6 27. c5 Rxd5 28. Rxb7 Nc6 29. Bd6 f6 30. b5 Nd4 31. Rd2 Rc8 32. b6 Kh7 33. Ra7 Rd8 34. b7 R5xd6 35. cxd6 Nc6 36. Ra8 Nb8 37. Rxb8 Kg6 38. Rxd8 Kf5 39. b8=Q g5 40. Qc8+ Kg6 41. Rg8+ Kh5 42. Qh3# 1-0

[Event "Titled Tue 9th Jan Late"]
[Site "chess.com INT"]
[Date "2024.01.09"]
[Round "8"]
[White "Nakamura, Hi"]
[Black "Iturrizaga Bonelli, Eduardo"]
[Result "1-0"]
[WhiteElo "2788"]
[BlackElo "2600"]
[PlyCount "119"]
[EventDate "2024.01.09"]

1. Nf3 Nf6 2. g3 b6 3. Bg2 Bb7 4. O-O c5 5. a3 g6 6. b4 Bg7 7. Bb2 O-O 8. c4 d6 9. d3 $146 ({RR} 9. Qb3 Nbd7 10. Nc3 e6 11. d3 Qe7 12. Rfd1 d5 13. cxd5 Nxd5 14. Nd2 Nxc3 15. Bxc3 Bxc3 16. Qxc3 Bxg2 17. Kxg2 Rac8 18. b5 Nf6 19. Nf3 Nd5 20. Qc4 Qf6 21. e4 Nc7 22. a4 Rfd8 23. h4 h5 {Gutman,L (2465)-Rudolph,A (2229) Paderborn 2006 ½-½ (53)}) 9... Na6 10. Qb3 Nc7 11. Rd1 Ne6 12. Nbd2 Qc7 13. e3 Rfe8 14. Rac1 Nf8 15. d4 cxd4 16. exd4 e5 17. dxe5 dxe5 18. c5 Bd5 19. Qa4 bxc5 20. Rxc5 Qb7 21. Qb5 Rad8 22. Qxb7 Bxb7 23. Rcc1 e4 24. Ne1 Ba6 25. Nb3 Rxd1 26. Rxd1 e3 27. fxe3 Ng4 28. Bxg7 Kxg7 29. Nc2 Bc4 30. Nc5 Ne6 31. Nxe6+ Rxe6 32. Rd4 Bb3 33. Rxg4 Bxc2 34. Rc4 Ba4 35. Kf2 Rf6+ 36. Ke1 Rd6 37. Rd4 Ra6 38. Bf1 Rc6 39. Bc4 Rc7 40. Kd2 Kf6 41. Kd3 Bc6 42. b5 Bb7 43. a4 Ke5 44. a5 f5 45. Kc3 Be4 46. Kb4 Rb7 47. Rd8 Bc6 48. Kc5 Bd7 49. b6 axb6+ 50. axb6 Ba4 51. Ra8 Bd7 52. Ra7 Bc8 53. Bd5 Rb8 54. Ra8 Rxa8 55. Bxa8 Ba6 56. Bf3 g5 57. Kc6 h6 58. Kc7 h5 59. Bxh5 Ke4 60. Be2 1-0

[Event "Titled Tue 9th Jan Late"]
[Site "chess.com INT"]
[Date "2024.01.09"]
[Round "9"]
[White "Anton Guijarro, D."]
[Black "Gokerkan, Cem Kaan"]
[Result "1-0"]
[WhiteElo "2670"]
[BlackElo "2523"]
[PlyCount "81"]
[EventDate "2024.01.09"]

1. Nf3 Nf6 2. b3 g6 3. Bb2 Bg7 4. g3 b6 5. Bg2 Bb7 6. O-O O-O 7. c4 c5 8. d4 cxd4 9. Qxd4 Nc6 10. Qc3 d6 ({RR} 10... Rc8 11. Rd1 Qc7 12. Qe1 Qb8 13. Nc3 Rfd8 14. Rac1 e6 15. Ng5 h6 16. Nge4 Nxe4 17. Bxe4 Ne7 18. Ba3 Nf5 19. Bxf5 gxf5 20. Be7 Re8 21. Bd6 Qa8 22. Nb5 Ba6 23. Nc7 Rxc7 24. Bxc7 Qc6 25. Bd6 {Aronian,L (2780)-Vachier Lagrave,M (2783) Leuven 2017 1-0 (88)}) ({RR} 10... Qc7 11. Rd1 a6 12. Na3 d6 13. Rac1 Nd8 14. Qe1 Ne6 15. Nc2 Rac8 16. Ne3 Qb8 17. Ba1 b5 18. Qb4 Ba8 19. Qa5 Qc7 20. Qxc7 Rxc7 21. cxb5 Rxc1 22. Rxc1 axb5 23. Nd4 Nxd4 24. Bxd4 Bxg2 25. Kxg2 {Kvaloy,A (2481)-Johansson,L (2392) Fagernes NOR 2025 ½-½ (55)}) ({RR} 10... Rc8 11. Rd1 Qc7 12. Qe1 Rfd8 13. Nc3 Qb8 14. e4 d6 15. Rab1 Nd7 16. h4 e6 17. Nb5 Bxb2 18. Rxb2 Nde5 19. Rbd2 Nxf3+ 20. Bxf3 Ne5 21. Bg2 Rc6 22. h5 a6 23. Nd4 Rcc8 24. Qe2 Qc7 25. f4 {Anton Guijarro,D (2669)-Ansh,M (2166) chess.com INT 2023 1-0 (42)}) 11. Rd1 Qc8 $146 ({RR} 11... a6 12. Qe1 Qc7 13. Nc3 e6 14. Rac1 Rac8 15. e4 Nd7 16. Rc2 Nc5 17. Rcd2 Rfd8 18. h4 h6 19. Qe3 Nb4 20. a3 Nc6 21. b4 Nb3 22. Rc2 Ne5 23. Ne2 Nxc4 24. Qxb3 Bxe4 25. Bxg7 Bxc2 26. Qxc2 {Ibarra Jerez,J (2563)-Bayo Milagro,A (2285) chess.com INT 2023 1-0}) 12. Qe1 Qf5 13. Nc3 Rfe8 14. Rac1 Rac8 15. h3 Qa5 16. Nd4 Ba8 17. Nc2 Qh5 18. Ne3 Nb4 19. Bxa8 Rxa8 20. Kg2 Rac8 21. Qd2 Bh6 22. Nb5 a6 23. Qxb4 axb5 24. g4 Qh4 25. cxb5 Bxe3 26. fxe3 h5 27. Qf4 hxg4 28. hxg4 Rxc1 29. Rxc1 e5 30. Qg3 Qg5 31. Kf3 Nxg4 32. Qxg4 e4+ 33. Kg3 Qxe3+ 34. Kg2 Qd2 35. Ba3 Qxa2 36. Bxd6 Qxb3 37. Rc8 Rxc8 38. Qxc8+ Kh7 39. Be5 g5 40. Qf5+ Kg8 41. Qf6 1-0